000 00321 a2200157 4500
001 194790
040 _cMagnum
100 _aAzevedo, Aluísio de
240 1 0 _aCasa de pensão
_lpor
245 1 0 _aCasa de pensão
300 _a131
362 0 _a1989
440 1 _aÁtica
697 _aLITERATURA GERAL
942 _cBK
999 _c194790
_d194790